000 00650nam a2200193 a 4500
001 000029468
005 20200930055555.0
008 110415s1998 dr a 000 0 spa d
040 _aDO-SdBNP
_bspa
_cBNPHU
082 _aF-RD 92
100 1 _aLima Marte, Franklyn de
_956340
245 1 0 _aWindows 3.11 :
_bmanual práctico /
_cFranklyn de Lima Marte.
260 _a[Santo Domingo] :
_bCENTU,
_c1998.
300 _a58 p. :
_bil. ;
_c22 cm.
650 4 _aMicrosoft windows (programa para computador)
_xManuales
_953247
650 4 _aSistemas operacionales (computadores)
_xManuales
_956341
910 _aValidado. Control de calidad EMS
049 _aBNPD
999 _c28960
_d28960